Die Ursachen der Wirtschaftskrise; (Record no. 36059)
[ view plain ]
| 000 -LEADER | |
|---|---|
| fixed length control field | 00739cam a22002411 4500 |
| 001 - CONTROL NUMBER | |
| control field | l 32000071 |
| 003 - CONTROL NUMBER IDENTIFIER | |
| control field | DLC |
| 005 - DATE AND TIME OF LATEST TRANSACTION | |
| control field | 20260227111533.0 |
| 008 - FIXED-LENGTH DATA ELEMENTS--GENERAL INFORMATION | |
| fixed length control field | 880307s1931 gw 000 0 ger c |
| 010 ## - LIBRARY OF CONGRESS CONTROL NUMBER | |
| LC control number | l 32000071 |
| 035 ## - SYSTEM CONTROL NUMBER | |
| System control number | (OCoLC)17589864 |
| 040 ## - CATALOGING SOURCE | |
| Original cataloging agency | U.S. Dept. of Labor. Library |
| Transcribing agency | MiEM |
| Modifying agency | MiEM |
| -- | DLC |
| 050 00 - LIBRARY OF CONGRESS CALL NUMBER | |
| Classification number | HC57 |
| Item number | .V65 |
| 082 ## - DEWEY DECIMAL CLASSIFICATION NUMBER | |
| Classification number | 330.904 |
| 100 1# - MAIN ENTRY--PERSONAL NAME | |
| Personal name | Von Mises, Ludwig, |
| Dates associated with a name | 1881-1973. |
| 245 14 - TITLE STATEMENT | |
| Title | Die Ursachen der Wirtschaftskrise; |
| Remainder of title | ein Vortrag, |
| Statement of responsibility, etc. | von Ludwig Mises. |
| 260 ## - PUBLICATION, DISTRIBUTION, ETC. | |
| Place of publication, distribution, etc. | Tübingen, |
| Name of publisher, distributor, etc. | Mohr, |
| Date of publication, distribution, etc. | 1931. |
| 300 ## - PHYSICAL DESCRIPTION | |
| Extent | 34 p. |
| Dimensions | 22 cm. |
| 490 1# - SERIES STATEMENT | |
| Series statement | Recht und Staat in Geschichte und Gegenwart ... |
| Volume/sequential designation | 82 |
| 650 #0 - SUBJECT ADDED ENTRY--TOPICAL TERM | |
| Topical term or geographic name entry element | Economic history |
| Chronological subdivision | 1918-1945. |
| 650 #0 - SUBJECT ADDED ENTRY--TOPICAL TERM | |
| Topical term or geographic name entry element | Economic policy. |
| 830 #0 - SERIES ADDED ENTRY--UNIFORM TITLE | |
| Uniform title | Recht und Staat ; |
| Volume/sequential designation | 82. |
No items available.